Majú naše podniky predstavu napredovania?
Výsledky výskumu o predstavách niekoľko desiatok firiem o svojom smerovaní, vízii, predstavách o budúcnosti, ako sa vízia komunikuje a realizuje. Podniky vychádzali z reálnych plánov, ale nepredstavovali vzdialený cieľ, nedávali priestor rozvoju fantázie, vyjadrovali opatrnícky postoj manažérov či m...
Uložené v:
| Hlavný autor: | |
|---|---|
| Médium: | Kapitola |
| Jazyk: | Slovak |
| Predmet: | |
| Tagy: |
Žiadne tagy, Buďte prvý, kto otaguje tento záznam!
|
MARC
| LEADER | 00000nla a2200000 4500 | ||
|---|---|---|---|
| 001 | 0185030 | ||
| 005 | 20240502073154.1 | ||
| 041 | 0 | |a slo | |
| 044 | |a SK | ||
| 245 | 1 | 0 | |a Majú naše podniky predstavu napredovania? |c Eliška Záležáková |
| 520 | |a Výsledky výskumu o predstavách niekoľko desiatok firiem o svojom smerovaní, vízii, predstavách o budúcnosti, ako sa vízia komunikuje a realizuje. Podniky vychádzali z reálnych plánov, ale nepredstavovali vzdialený cieľ, nedávali priestor rozvoju fantázie, vyjadrovali opatrnícky postoj manažérov či majiteľov podnikov. | ||
| 610 | 2 | 0 | |a firmy |
| 610 | 2 | 0 | |a manažment |
| 610 | 2 | 0 | |a riadenie podnikové |
| 610 | 2 | 0 | |a trh |
| 610 | 2 | 0 | |a marketing |
| 610 | 2 | 0 | |a inovácia |
| 610 | 2 | 0 | |a výskum |
| 100 | 1 | |a Záležáková, Eliška | |